000 00457nam a2200169Ia 4500
003 GCL
008 140319s9999 xx 000 0 ara d
040 _aGCL /
_cGCL
082 0 4 _aط
_b607
_bح ط
100 1 _aحسن دكن
245 1 0 _aالطائرة من الاقلاع الى الهبوط /
_cحسن دكن
300 _a24 ص
490 _aالكتاب العلمى
_v0
650 0 4 _aالطيران
650 0 4 _aالطائرات
942 _2ddc
_cBK
999 _c46147
_d46147